000 00956cab a22002055a 4500
001 L146624
008 090210s2009 xxkdo f 000 0 eng d
035 _a(Sirsi) u146624
041 0 _aeng
100 1 _aMarsden, Neil
245 0 0 _aAssessing risks in residential lettings
_bunderstanding HHSRS
260 _c2009
490 _aLetting Update Journal
_v(4)16 January 2009, 18-21(4)
520 _aArticle discusses the change in emphasis on residential health and safety from complying with standards to reducing hazards identified during risk assessment under the Housing Act 2004. The author explains the Housing Health and Safety Rating System (HHSRS) and hazard management and also looks at steps that landlords can take to reduce their exposure to tenant accidents.
590 _aKA
650 2 4 _aHOUSING ACT 2004
651 4 _aEngland and Wales
_y1543-
690 _aMANAGEMENT-HEALTH AND SAFETY-FIRE SAFETY-FIRE RISK ASSESSMENT
942 _n0
999 _c81205
_d81205